MESTSKÁ KNIŽNICA GIRALTOVCE  - online katalóg 

Legendy o hviezdnych kapitánoch (Record no. 15533)

000 -NÁVESTIE
fixed length control field 00588nam a2200205 a 4500
008 - ÚDAJE S PEVNOU DĹŽKOU – VŠEOBECNÉ INFORMÁCIE
fixed length control field 960123s1964||||[C 0 slo c
040 ## - ZDROJ KATALOGIZÁCIE
Pôvodná katalogizujúca agentúra SNK
Jazyk katalogizácie slo
Prepisujúca agentúra SNK
Konvencie popisu AACR2
041 1# - KÓD JAZYKA
Kód jazyka textu/zvukovej stopy alebo samostatných nápisov slo
044 ## - KÓD KRAJINY VYDAVATEĽA/PRODUCENTA
Kód krajiny MARC xo
Kód krajiny ISO SK
020 ## - MEDZINÁRODNÉ ŠTANDARDNÉ ČÍSLO KNIHY (ISBN)
Údaje o dostupnosti 12,50
100 1# - OSOBNÉ MENÁ – VŠEOBECNÉ INFORMÁCIE
Osobné meno Al'tov, G.
Kód roly aut
245 10 - NÁZOV
Názov Legendy o hviezdnych kapitánoch
Údaj o zodpovednosti atď. G. Alďtov ; Prel. Ivan Králik ; Ilustr. B. Votavová
250 ## - ÚDAJ O PORADÍ VYDANIA
Údaj o poradí vydania 1. vyd.
260 ## - VYDAVATEĽSKÉ ÚDAJE, DISTRIBÚCIA ATĎ.
Miesto publikovania, distribúcie atď. Bratislava
Názov vydavateľa, distibútora atď. Smena
Dátum publikovania, distribúcie atď. 1964
Miesto výroby Žilina
Výrobca Pravda
300 ## - FYZICKÝ POPIS
Rozsah 139, [3] s.
Rozmery
490 0# - EDÍCIA
Edícia Pionierskymi stupňami
700 1# - PRIDANÝ VSTUP – OSOBNÉ MENO
Osobné meno Králik, Ivan
Kód roly trl
700 1# - PRIDANÝ VSTUP – OSOBNÉ MENO
Osobné meno Votavová, B.
Kód roly ill
958 ## - Formálny deskriptor
Formálny deskriptor A
Holdings
Stav stiahnutia (Blokovanie) (Withrawn status) Stav straty Stav poškodenia (Damaged status) Nie pre výpožičky (Not for loan) Spôsob nadobudnutia (Collection code) Trvalé umiestnenie Aktuálne umiestnenie Dátum nadobudnutia Náklady, bežná kúpna cena Inventárne číslo (prírastkové číslo) Full call number Dátum posledného výskytu Cena s účinnosťou od Typ jednotky Koha
        Kúpa Mestská knižnica Giraltovce Mestská knižnica Giraltovce 2019-11-29 12.50 14556 K 109 2019-11-29 2019-11-29 Odborná literatúra pre dospelých

Powered by Koha